000 00596nam a2200205 a 4500
001 BRCA_5780
005 20190320205219.0
008 090311t1906----mx-a#####c---#000-0#spa-#
041 _aspa
044 _amx
050 4 _aAS300
_b.C38
_c1907
245 1 0 _aCatálogo Ilustrado de Material de Enseñanza y utiles para escuelas 1906-1907.
260 _aMéxico
_bVda. de Ch. Bouret.
_c1906
300 _a247 p.
_bil., láminas
_c26 cm.
500 _aEdición con cantos rojos.
500 _aH80
650 1 4 _aMaterial de Enseñanza.
_vCatálogo
_zMéxico
_914661
902 _aGFM
942 _2lcc
_cB
999 _c5469
_d5469